00342 2200145 4500001002100000005001500021035002000036245004800056100001800104300001100122260001700133082000800150084001400158990002400172INLIS00000000000227820250527030615 a0010-05250005701 aRemaja Unggul Kamukah Itu? /cImam Ratrioso0 aImam Ratrioso a86 hlm bNobel,c2008 a000 a000 IMA r a0713191 s/d 0713192